Wastewater treatment engineering (Record no. 395736)

MARC details
000 -LEADER
fixed length control field 00530 a2200205 4500
005 - DATE & TIME
control field 20260202163314.0
008 - FIXED-LENGTH DATA ELEMENTS--GENERAL INFORMATION
fixed length control field 260130b |||||||| |||| 00| 0 eng d
020 ## - ISBN
International Standard Book Number 9789390013432
Price Rs. 2290.00
040 ## - CATALOGING SOURCE
Original cataloging agency VIVEKANANDA LIBRARY
082 ## - DDC NUMBER
Classification number 628.3
Book Number B29W
100 ## - MAIN ENTRY--PERSONAL NAME
Personal name Basak, J L
245 ## - TITLE STATEMENT
Title Wastewater treatment engineering
260 ## - PUBLICATION, DISTRIBUTION, ETC. (IMPRINT)
Name of publisher, distributor, etc Knowledge Bakers
Date of publication, distribution, etc 2024
Place of publication, distribution, etc Pune
300 ## - PHYSICAL DESCRIPTION
Pages viii, 205
650 ## - Subject
Subject Environment Science
650 ## - Subject
Subject Wastewater Treatment
700 ## - Added Entry Personal Name
Added Entry Personal Name Lopamudra Ram
700 ## - Added Entry Personal Name
Added Entry Personal Name Mahto, Girish
942 ## - ADDED ENTRY ELEMENTS (KOHA)
Koha item type Books
Holdings
Withdrawn status Lost status Source of classification or shelving scheme Damaged status Not for loan Location (home branch) Sublocation or collection (holding branch) Shelving location Date acquired Koha issues (times borrowed) Koha full call number Accession No. Koha date last seen Koha item type
    Dewey Decimal Classification     VIVEKANANDA LIBRARY VIVEKANANDA LIBRARY Vivekananda Library 07/01/2026   628.3 B29W 444011 07/01/2026 Books
    Dewey Decimal Classification     VIVEKANANDA LIBRARY VIVEKANANDA LIBRARY Vivekananda Library 07/01/2026   628.3 B29W 444012 07/01/2026 Books
© Designed and Maintained by Vivekananda Library, MDU Rohtak